Fundamentals of Advanced Accounting (Record no. 3548)

MARC details
005 - DATE AND TIME OF LATEST TRANSACTION
control field 20250613104110.0
020 ## - INTERNATIONAL STANDARD BOOK NUMBER
International Standard Book Number 978-0-07-337946-3
082 ## - DEWEY DECIMAL CLASSIFICATION NUMBER
Classification number 657 HOY
100 ## - MAIN ENTRY--PERSONAL NAME
Author name HOYLE, B. J.
245 ## - TITLE STATEMENT
Title Fundamentals of Advanced Accounting
250 ## - EDITION STATEMENT
Edition statement 3rd Ed.
260 ## - PUBLICATION, DISTRIBUTION, ETC.
Place of publication, distribution, etc. Boston,
Name of publisher, distributor, etc. McGraw-Hill Irwin,
Date of publication, distribution, etc. 2009.
300 ## - PHYSICAL DESCRIPTION
Extent xix; 595p.
Other physical details Index
Dimensions 28 cm
700 ## - ADDED ENTRY--PERSONAL NAME
Other authors/Editors Thomas F. Schaefer
700 ## - ADDED ENTRY--PERSONAL NAME
Other authors/Editors Timothy S. Doupnik
942 ## - ADDED ENTRY ELEMENTS (KOHA)
Source of classification or shelving scheme Dewey Decimal Classification
Koha item type Books
Holdings
Date last seen Total checkouts Full call number Barcode Cost, replacement price Price effective from Koha item type Lost status Source of classification or shelving scheme Damaged status Not for loan Withdrawn status Home library Current library Shelving location Date acquired Source of acquisition Cost, normal purchase price
06/09/2025   657 HOY MZA000542 138000.00 06/09/2025 Books   Dewey Decimal Classification       CBE Mwanza CBE Mwanza General Collection 06/09/2025 Library Budget 46000.00
06/09/2025   657 HOY MZA000543 138000.00 06/09/2025 Books   Dewey Decimal Classification       CBE Mwanza CBE Mwanza General Collection 06/09/2025 Library Budget 46000.00
06/09/2025   657 HOY MZA000544 138000.00 06/09/2025 Books   Dewey Decimal Classification       CBE Mwanza CBE Mwanza General Collection 06/09/2025 Library Budget 46000.00
06/09/2025   657 HOY MZA000545 138000.00 06/09/2025 Books   Dewey Decimal Classification       CBE Mwanza CBE Mwanza General Collection 06/09/2025 Library Budget 46000.00
06/09/2025   657 HOY MZA000546 138000.00 06/09/2025 Books   Dewey Decimal Classification       CBE Mwanza CBE Mwanza General Collection 06/09/2025 Library Budget 46000.00
06/09/2025   657 HOY MZA000547 138000.00 06/09/2025 Books   Dewey Decimal Classification       CBE Mwanza CBE Mwanza General Collection 06/09/2025 Library Budget 46000.00
06/09/2025   657 HOY MZA000548 138000.00 06/09/2025 Books   Dewey Decimal Classification       CBE Mwanza CBE Mwanza General Collection 06/09/2025 Library Budget 46000.00